Observations on the historical usage of the term "comparative advantage"
Gespeichert in:
| 1. Verfasser: | |
|---|---|
| Format: | Buchkapitel |
| Sprache: | Englisch |
| Schlagworte: | |
| Tags: |
Keine Tags, Fügen Sie das erste Tag hinzu!
|
MARC
| LEADER | 00000nla a2200000 4500 | ||
|---|---|---|---|
| 001 | 0177884 | ||
| 005 | 20240502083420.2 | ||
| 041 | 0 | |a eng | |
| 044 | |a ZA | ||
| 245 | 1 | 0 | |a Observations on the historical usage of the term "comparative advantage" |c Martin Grančay |
| 610 | 2 | 0 | |a výhody komparatívne |
| 610 | 2 | 0 | |a pojmy |
| 610 | 2 | 0 | |a definície |
| 610 | 2 | 0 | |a história |
| 100 | 1 | |a Grančay, Martin, 1984-2024 | |